[Event "BAN-chT2"]
[Site "Dhaka"]
[Date "2022.07.20"]
[Round "3.3"]
[White "Ipsha, Azad"]
[Black "Reasat, E Noor"]
[Result "0-1"]
[WhiteElo "1597"]
[BlackElo "1844"]
[PlyCount "56"]
[EventDate "2022.07.18"]
[EventType "team-swiss"]
[EventRounds "9"]
[EventCountry "BAN"]
[SourceTitle "EXT 2023"]
[Source "ChessBase"]
[SourceDate "2022.10.05"]
[SourceVersion "1"]
[SourceVersionDate "2022.10.05"]
[SourceQuality "1"]
[WhiteTeam "Dabar Troyi Agrojo Green"]
[BlackTeam "Bangladesh Chess Arena"]
[WhiteTeamCountry "BAN"]
[BlackTeamCountry "BAN"]

1. e4 c5 2. Nc3 Nc6 3. d3 g6 4. f4 Bg7 5. g3 e6 6. Bg2 Nge7 7. Nh3 Rb8 8. 0-0 b5 9. f5 gxf5 10. Bg5 b4 11. exf5 Bd4+ 12. Kh1 bxc3 13. fxe6 dxe6 14. b3 Qd7 15. Qf3 Ne5 16. Qe2 N5g6 17. Nf2 f5 18. h4 Bb7 19. h5 Bxg2+ 20. Kxg2 Qd5+ 21. Kh2 Ne5 22. Bf4 Nf3+ 23. Kh3 e5 24. Be3 Rg8 25. Bxd4 cxd4 26. Nh1 e4 27. dxe4 fxe4 28. Nf2 Qxh5+ 0-1

[Event "Dhaka Bangabandhu op-B"]
[Site "Dhaka"]
[Date "2021.03.09"]
[Round "1"]
[White "Shawket Bin, Osman Shaon"]
[Black "Ipsha, Azad"]
[Result "1-0"]
[WhiteElo "1982"]
[BlackElo "1652"]
[PlyCount "77"]
[EventDate "2021.03.09"]
[EventType "swiss"]
[EventRounds "9"]
[EventCountry "BAN"]
[SourceTitle "CBM 201 Extra"]
[Source "ChessBase"]
[SourceDate "2021.05.31"]
[SourceVersion "1"]
[SourceVersionDate "2021.05.31"]
[SourceQuality "1"]

1. d4 Nf6 2. c4 e6 3. Nc3 d5 4. Nf3 c6 5. e3 Nbd7 6. Bd3 Bd6 7. 0-0 e5 8. cxd5 cxd5 9. e4 exd4 10. Nxd5 Nxd5 11. exd5 Nb6 12. Bb5+ Kf8 13. Qxd4 Nxd5 14. Rd1 Be6 15. Bc4 Nb4 16. Bxe6 Nc2 17. Qxd6+ Qxd6 18. Rxd6 Nxa1 19. Bf5 g6 20. Be4 Ke7 21. Rd1 Rhd8 22. Bd2 f5 23. Bg5+ Ke8 24. Rxa1 fxe4 25. Bxd8 exf3 26. Bf6 fxg2 27. Kxg2 Kf7 28. Bd4 a6 29. Rc1 Rd8 30. Rc7+ Ke6 31. Bc3 Rd7 32. Rxd7 Kxd7 33. Kf3 Ke6 34. Kf4 h6 35. Bg7 h5 36. Kg5 Kf7 37. Bc3 b6 38. Bd4 b5 39. Bc3 1-0

[Event "BAN-chT2 Borsho 2nd"]
[Site "Bangladesh"]
[Date "2021.01.28"]
[Round "9.4"]
[White "Md Anisur, Rahman"]
[Black "Ipsha, Azad"]
[Result "1-0"]
[WhiteElo "1783"]
[BlackElo "1650"]
[PlyCount "51"]
[EventDate "2021.01.20"]
[EventType "team-tourn"]
[EventRounds "9"]
[EventCountry "BAN"]
[SourceTitle "CBM 200 Extra"]
[Source "ChessBase"]
[SourceDate "2021.03.31"]
[SourceVersion "1"]
[SourceVersionDate "2021.03.31"]
[SourceQuality "1"]
[WhiteTeam "Bangladesh Police Prime"]
[BlackTeam "Rangpur Players Kollan Somiti"]
[WhiteTeamCountry "BAN"]
[BlackTeamCountry "BAN"]

1. e4 Nc6 2. d4 e5 3. Nf3 exd4 4. Nxd4 Nf6 5. Nc3 Bb4 6. Nxc6 bxc6 7. Bd3 d5 8. exd5 0-0 9. 0-0 cxd5 10. Bg5 c6 11. Qf3 Re8 12. Rfe1 Be6 13. Bxf6 Qxf6 14. Qxf6 gxf6 15. Re3 d4 16. Rg3+ Kh8 17. Ne4 Be7 18. Rf3 Bd5 19. Rf5 Kg7 20. Rh5 Rg8 21. Ng3 h6 22. Nf5+ Kf8 23. g3 Bc5 24. Rxh6 Rg6 25. Rh8+ Rg8 26. Rh4 1-0